|
|
|
|
| LEADER |
00000nam0a2200000 4500 |
| 001 |
374128 |
| 005 |
20231102012627.0 |
| 020 |
|
|
|a RU
|b 86-10392
|
| 035 |
|
|
|a (RuTPU)RU\TPU\retro\31562
|
| 035 |
|
|
|a RU\TPU\book\303893
|
| 090 |
|
|
|a 374128
|
| 100 |
|
|
|a 20221216d1985 k y0rusy5003 ca
|
| 101 |
0 |
|
|a rus
|
| 102 |
|
|
|a RU
|
| 105 |
|
|
|a a z 001zy
|
| 200 |
1 |
|
|a Палеовулканические условия образования и размещения колчеданных месторождений Урала
|e [сборник научных трудов]
|f Академия наук СССР (АН СССР), Башкирский филиал (БФ), Институт геологии (ИГ) ; под ред. П. Ф. Сопко
|
| 210 |
|
|
|a Уфа
|c Изд-во БФАН СССР
|d 1985
|
| 215 |
|
|
|a 80 с.
|c ил.
|
| 225 |
1 |
|
|a Чтения имени академика А. Н. Заварицкого
|v № 5
|
| 320 |
|
|
|a Библиогр. в конце статей
|
| 606 |
|
|
|a Медно-колчеданные месторождения
|2 stltpush
|3 (RuTPU)RU\TPU\subj\41813
|9 61590
|
| 610 |
1 |
|
|a размещения
|
| 610 |
1 |
|
|a характеристика
|
| 610 |
1 |
|
|a рудоносность
|
| 610 |
1 |
|
|a проблемы
|
| 610 |
1 |
|
|a залежи
|
| 610 |
1 |
|
|a зональность
|
| 610 |
1 |
|
|a оруденение
|
| 610 |
1 |
|
|a прогнозирование
|
| 675 |
|
|
|a 553.435
|v 3
|
| 702 |
|
1 |
|a Сопко
|b П. Ф.
|g Павел Филиппович
|4 340
|
| 712 |
0 |
2 |
|a Академия наук СССР (АН СССР)
|b Башкирский филиал (БФ)
|b Институт геологии (ИГ)
|c (Уфа)
|c (1968-1988)
|2 stltpush
|3 (RuTPU)RU\TPU\col\10647
|
| 801 |
|
0 |
|a RU
|b RuMRKP
|c 19950704
|g psbo
|
| 801 |
|
1 |
|a RU
|b 63413507
|c 20150110
|
| 801 |
|
2 |
|a RU
|b 63413507
|c 20221216
|g RCR
|
| 942 |
|
|
|c BK
|